000 00315 a2200145 4500
001 151421
040 _cEscola São Tomás de Aquino
100 _aROCHA, Ruth
240 1 0 _aA arca de Noé
_lpor
245 1 0 _aA arca de Noé
362 0 _a2007
440 1 _aÁtica
697 _a*LITERATURA INFANTO
942 _cBK
999 _c151421
_d151421